[Event "Bruges Masters 2019"]
[Site "Bruges"]
[Date "2019.08.15"]
[Round "9.9"]
[White "Goossens, Hanne"]
[Black "Offringa, Joost"]
[Result "1/2-1/2"]
[WhiteElo "2134"]
[BlackElo "2291"]
[Annotator "ChessBase"]
[PlyCount "22"]
[EventDate "2019.08.11"]
[EventType "swiss"]
[EventCountry "BEL"]
[SourceTitle "playchess.com"]
[Source "ChessBase"]
[SourceQuality "1"]
[TimeControl "5400+30"]

1. e4 {[%emt 0:00:00]} d6 {[%emt 0:00:10]} 2. d4 {[%emt 0:00:00]} Nf6 {[%emt 0:00:03]} 3. Nc3 {[%emt 0:00:00]} g6 {[%emt 0:00:03]} 4. Bg5 {[%emt 0:00:19]} c6 {[%emt 0:00:08]} 5. Qd2 {[%emt 0:01:48]} b5 {[%emt 0:02:53]} 6. Bd3 {[%emt 0:02:21]} b4 {[%emt 0:03:52]} 7. Nce2 {[%emt 0:00:29]} Qb6 {[%emt 0:02:08]} 8. f4 {[%emt 0:01:53]} Bg7 {[%emt 0:00:24]} 9. Nf3 {[%emt 0:01:56]} Bg4 {[%emt 0:06:08]} 10. O-O {[%emt 0:02:36]} O-O {[%emt 0:07:24]} 11. Kh1 {[%emt 0:06:56]} Nbd7 {[%emt 0:03:17]} 1/2-1/2

[Event "Bruges Masters 2019"]
[Site "Bruges"]
[Date "2019.08.15"]
[Round "9.10"]
[White "Van Osch, Mees"]
[Black "Decrop, Benjamin"]
[Result "1-0"]
[WhiteElo "2316"]
[BlackElo "2183"]
[Annotator "TA"]
[PlyCount "87"]
[EventDate "2019.08.11"]
[EventType "swiss"]
[EventCountry "BEL"]
[SourceTitle "playchess.com"]
[Source "ChessBase"]
[SourceQuality "1"]

{[%evp 18,87,27,27,21,0,0,0,40,27,44,34,54,50,64,63,97,70,92,93,81,87,97,96,110,85,95,81,113,72,150,76,64,64,89,85,94,61,115,49,109,99,169,174,197,204,237,222,231,218,242,227,501,497,431,321,818,792,842,834,767,715,572,367,531,345,1141,1138,1345,1326,29986,29988]} 1. e4 c5 2. Nf3 e6 3. d4 cxd4 4. Nxd4 Nc6 5. Nc3 Qc7 6. f4 a6 7. Nxc6 bxc6 8. Bd3 d5 9. O-O Nf6 10. Qe2 Be7 {B46: Sicilian: Taimanov: 5 Nc3 a6} 11. Kh1 O-O 12. Bd2 Rd8 $146 {The position is equal.} ({Predecessor:} 12... c5 13. b3 Bb7 14. e5 Nd7 15. Rae1 f5 16. exf6 Rxf6 17. Nd1 Bd6 18. Nf2 {1-0 (43) Bacrot,E (2692)-Laznicka,V (2676) Germany 2016}) 13. Rae1 Bf8 14. e5 Nd7 15. Na4 Re8 16. c4 $40 {[%mdl 128] Black needs to defend precisely.} Qb8 17. b3 ({Much weaker is} 17. Qh5 g6 $14) (17. Be3 {with more complications.} Bb7 18. Rc1 g6 19. Qf2 a5 20. Rfd1) 17... Nc5 18. Nxc5 Bxc5 19. b4 Bf8 20. Rb1 g6 21. a4 Qa7 22. Rfc1 Bd7 23. Be1 Qb8 (23... Rab8 $142) 24. cxd5 (24. c5 $142) 24... exd5 $16 25. Bxa6 Qa7 26. b5 c5 27. Bf2 Qb6 (27... d4 $14) 28. Qd2 (28. Ra1 $16) 28... Bf5 ({Black should play} 28... d4 $14) 29. a5 Qa7 (29... Qb8 $16 30. Ra1 d4) 30. Qxd5 $18 Bxb1 31. Rxb1 Rab8 32. Qc4 {aiming for b6.} Qxa6 33. bxa6 {[%cal Bb5a6,Ba6a7][%mdl 32]} Rxb1+ 34. Bg1 Rb4 $2 (34... Rbb8 35. a7 Rbc8) 35. Qd5 {[#] Strongly threatening a7.} Rbb8 36. g4 Red8 $2 (36... Rbd8 37. Qb7 Rb8) 37. a7 Ra8 38. Qb7 Rac8 39. e6 fxe6 40. Qe4 Kf7 (40... Re8 $142 41. Qb7 Rcd8) 41. Qc4 Rd5 $2 {[#]} (41... Re8 42. f5 Ra8 43. fxe6+ Rxe6 44. Bxc5 Bxc5) 42. f5 $1 {[%mdl 512] And now fxe6+ would win.} gxf5 (42... exf5 43. Qxd5+) 43. gxf5 Be7 44. fxe6+ {Accuracy: White = 58%, Black = 22%.} 1-0

[Event "Bruges Masters 2019"]
[Site "Bruges"]
[Date "2019.08.15"]
[Round "9.11"]
[White "Goudriaan, Etienne"]
[Black "Tencati, Giuseppe"]
[Result "1-0"]
[WhiteElo "2341"]
[BlackElo "2101"]
[Annotator "TA"]
[PlyCount "33"]
[EventDate "2019.08.11"]
[EventType "swiss"]
[EventCountry "BEL"]
[SourceTitle "playchess.com"]
[Source "ChessBase"]
[SourceQuality "1"]

{[%evp 9,33,10,27,35,34,25,35,16,36,23,40,29,104,98,127,101,258,278,271,268,277,222,577,605,548,560]} 1. d4 Nf6 2. c4 g6 3. Nc3 d5 4. cxd5 Nxd5 5. Bd2 Nb6 6. e3 {D85: Exchange Grünfeld: Unusual White 7th moves and lines with 7 Nf3} Bg7 7. f4 N6d7 $146 ({Predecessor:} 7... O-O 8. Nf3 c5 9. dxc5 N6d7 10. Ne4 Bxb2 11. Rb1 Bg7 12. Bc4 Na6 13. Bxa6 bxa6 {½-½ (29) Riazantsev,A (2650)-Svidler,P (2765) St Petersburg 2017}) 8. Nf3 {White is slightly better.} c5 9. d5 O-O 10. e4 Nf6 (10... Nb6 $11 {remains equal.}) 11. Bc4 $16 e6 12. d6 $36 {[%mdl 2048] White is on the roll.} e5 $2 {[#]} (12... Nfd7 $16) 13. fxe5 $18 Ng4 14. Bg5 Qa5 15. Be7 Nxe5 $2 (15... Ne3) 16. Nxe5 Bxe5 17. O-O {Accuracy: White = 75%, Black = 28%.} 1-0

[Event "Bruges Masters 2019"]
[Site "Bruges"]
[Date "2019.08.15"]
[Round "9.12"]
[White "Sterck, Arno"]
[Black "Maugenest, Ghislain"]
[Result "1-0"]
[WhiteElo "2316"]
[BlackElo "2068"]
[Annotator "TA"]
[PlyCount "79"]
[EventDate "2019.08.11"]
[EventType "swiss"]
[EventCountry "BEL"]
[SourceTitle "playchess.com"]
[Source "ChessBase"]
[SourceQuality "1"]

{[%evp 16,111,39,32,30,39,60,33,31,28,41,39,35,37,40,0,77,0,0,0,41,0,0,-46,-29,-85,-12,-18,-14,-25,0,0,0,0,31,31,26,27,28,23,24,23,23,25,25,22,23,14,16,8,8,8,27,0,106,39,51,34,46,17,46,12,186,119,184,158,81,63,50,35,18,25,462,0,0,0,314,254,2063,0,2412,2471,2362,2335,4133,1858,29970,4125,29989,29990,29991,29992,29994,29995,29996,29997,29997,29998]} 1. Nf3 d5 2. e3 Nf6 3. c4 c6 4. Nc3 g6 5. d4 Bg7 6. Be2 O-O 7. O-O Nbd7 8. cxd5 cxd5 9. Qb3 Nb6 {D94: Grünfeld: 4 Nf3 Bg7 5 e3} (9... e6 10. Bd2 a6 11. Rfc1 b6 12. Rc2 Bb7 13. Rac1 Rb8 14. Be1 Re8 15. a4 Rc8 16. Na2 Rxc2 17. Rxc2 Qa8 18. a5 {½-½ (58) Nielsen,P (2693)-Le,Q (2714) Beijing 2011}) 10. a4 a5 11. Bd2 Ne4 {White is slightly better.} 12. Rfc1 Nxd2 13. Nxd2 e5 $146 ({Predecessor:} 13... Be6 14. Nb5 Rc8 15. Qa3 Qd7 16. Nb3 Rxc1+ 17. Rxc1 {1-0 (46) Jansen,D-Leidner,M (1689) GER email 2012}) 14. dxe5 Be6 15. Qd1 Nd7 (15... d4 $11 16. exd4 Qxd4) 16. Nf3 (16. f4 $16) 16... Nxe5 $11 17. Nd4 Qh4 18. Qe1 Nc6 19. Nf3 (19. g3 {is more complex.} Qe7 20. Ncb5 Rac8 21. Qd1 Nxd4 22. Nxd4 Qb4 23. Rxc8 Rxc8 24. Nxe6 fxe6 25. Rc1) 19... Qe7 20. Qd2 (20. Rc2 $11) 20... Rfd8 (20... Qb4 $17) 21. Nb5 Bg4 22. Re1 Bxf3 23. Bxf3 Qb4 24. Red1 Qxb2 25. Qxb2 Bxb2 26. Rab1 Be5 27. Bxd5 Rd7 28. f4 Bf6 29. Bf3 $36 {[%mdl 2048] White has good play.} Rad8 30. Rxd7 Rxd7 31. Rc1 Nb4 32. Rc8+ Kg7 33. g4 Bd8 34. Kf2 g5 (34... Bb6 $11 {remains equal.}) 35. Be4 (35. fxg5 $1 $16 {And now Nd4 would win.} Bxg5 36. Nd4) 35... gxf4 $14 36. exf4 Bb6+ 37. Kg3 Na6 38. g5 Bd8 $2 (38... Nc5 $11 {and Black stays safe.} 39. Bf5 Rd5) 39. h4 (39. Bxb7 $1 $18 Nb4 40. Be4) 39... Nc7 (39... Bb6 $16 {was necessary.}) 40. h5 {Played: Rc8xd8} 1-0